| 000 | 00747nam a2200277 i 4500 | ||
|---|---|---|---|
| 001 | bgj | ||
| 100 | 1 |
_aWILDE, Oscar _d(1854-1900) |
|
| 245 | 1 | 0 |
_aThe Picture of Dorian Gray / _cOscar Wilde. |
| 250 | _aPenguin/Godfrey Cave Edition. | ||
| 260 |
_aLondon [etc.] : _bPenguin Books, _c1994. |
||
| 300 |
_a255, [1] pp ; _c18 cm. |
||
| 490 | 1 | _aPenguin Popular Classics | |
| 650 | 9 | _aConduct of life | |
| 650 | 9 | _aYouthfulness | |
| 650 | 9 | _aPortraits | |
| 650 | 9 | _aSupernatural | |
| 650 | 9 | _aDidactic fiction | |
| 655 | _aFiction | ||
| 830 | _aPenguin Popular Classics | ||
| 020 | _a0140629338 (pbk) | ||
| 040 | _cBPK | ||
| 041 | 0 | _aeng | |
| 920 | _a0-14-062933-8 (pbk) | ||
| 942 | _cKS | ||
| 008 | s uk f |000 0 eng | ||
| 999 |
_c47762 _d47762 |
||
| 856 |
_uhttp://koha.tu.koszalin.pl/cgi-bin/koha/opac-detail.pl?biblionumber=47762 _yKatalog online BPK |
||